000 00856nam a22002177a 4500
003 0
005 20250923110806.0
008 250923b xxu||||| |||| 00| 0 eng d
020 _a978-1-119-53874-5
050 _aHD 61
_b.R43 2025
100 _aRedinger, Charles F.,
_eauthor.
245 _aOrganizational risk management :
_ban integrated framework for environmental, health, safety, and sustainability professionals, and their c-suites /
_cCharles F. Redinger.
260 _aHoboken, New Jersey :
_bJohn Wiley & Sons, Inc.,
_c2025.
300 _axxx, 348 pages :
_billustrations ;
_c24 cm.
504 _aIncludes bibliographical references and index.
650 _aRisk management.
650 _aIndustrial safety
_xManagement.
650 _aEnvironmental management
_xManagement.
650 _aSustainable development
_xManagement.
942 _2lcc
_cBK
999 _c368070
_d368070